| 000 | 00521nam a2200193 a 4500 | ||
|---|---|---|---|
| 001 | 1768117515500 | ||
| 003 | YourLibrary | ||
| 005 | 20260112125813.0 | ||
| 008 | 260111s1999##################000#0#eng## | ||
| 020 | _a9783110157222 | ||
| 082 | 0 | 4 |
_a302.2242 _bSAR |
| 100 | 1 |
_aSarangi, Srikant, _eauthor. |
|
| 245 | 1 | 0 | _aTalk, Work and Institutional Order : |
| 260 |
_bDe Gruyter Mouton, _c1999. |
||
| 300 | _a548 pages | ||
| 650 | 0 | _aBusiness & Economics. | |
| 942 | _cENGLISH | ||
| 040 |
_aYourLibrary _beng _cYourLibrary |
||
| 999 |
_c608246 _d608246 |
||